Alle Bahnhöfe in Bremen/Bremerhaven (SPNV) - Statistiken

Allgemein
  • Dieses Quiz wurde 52 mal gespielt
  • Das Durchschnittsergebnis liegt bei 13 aus 22
Antwortstatistiken
Station % Korrekt
Bremen Hauptbahnhof
100%
Bremerhaven Hauptbahnhof
92%
Bremerhaven-Lehe
79%
Bremen-Mahndorf
74%
Bremen-Neustadt
74%
Bremen-Vegesack
71%
Bremen-Farge
68%
Bremen-Burg
66%
Bremen-Hemelingen
63%
Bremen-Oberneuland
61%
Bremen-Sebaldsbrück
58%
Bremerhaven-Wulsdorf
55%
Bremen-Walle
53%
Bremen-Aumund
50%
Bremen-Blumenthal
50%
Bremen-Lesum
45%
Bremen-Oslebshausen
45%
Bremen-Schönebeck
37%
Bremen-St. Magnus
37%
Bremen-Turnerstraße
34%
Bremen-Kreinsloger
32%
Bremen-Mühlenstraße
32%
Keine übereinstimmenden Quizze gefunden
Verteilung der Resultate
Anzahl Personen mit jedem Resultat
Perzentil nach korrekt beantworteten Fragen
Ihre Resultats-Entwicklung
Sie haben dieses Quiz noch nicht gespielt